| 000 | 00862nam a2200217Ii 4500 | ||
|---|---|---|---|
| 003 | JO-AjNU | ||
| 008 | 230605s9999||||xx |||||||||||||| ||und|| | ||
| 017 | _a2003/9/1880 | ||
| 040 |
_aJO-AjNU _bara _erda _cJO-AjNU |
||
| 041 | _aara | ||
| 050 | 1 | 4 | _aLC4015.K38 2012 |
| 100 | 3 |
_aكوافحة، تيسير مفلح مؤلف/عبد العزيز،عمرفواز م.مشارك, _eauthor _944577 |
|
| 245 | 0 | 0 | _aمقدمة في التربية الخاصة=Introduction Of Special Education |
| 250 | _aط6 | ||
| 264 | 3 | 1 | _aعمان:دار المسيرة،2012 |
| 300 | _a208ص | ||
| 336 |
_atext _btxt _2rdacontent |
||
| 337 |
_aunmediated _bn _2rdamedia |
||
| 338 |
_avolume _bnc _2rdacarrier |
||
| 650 | 4 |
_aالتربية الخاصة-صعوبات التعلم-الخدمات الإجتماعية-رعاية المعوقين-الطلاب المعوقين _944578 |
|
| 999 |
_aA19258 _c22826 _d22826 |
||